|
|
|
|
| LEADER |
03698cam a2200817Ia 4500 |
| 001 |
ocm54416339 |
| 003 |
OCoLC |
| 005 |
20190114101347.0 |
| 006 |
m o d |
| 007 |
cr cnu---unuuu |
| 008 |
040214s2001 enkf ob 001 0 eng d |
| 040 |
|
|
|a N$T
|b eng
|e pn
|c N$T
|d YDXCP
|d OCLCG
|d OCLCQ
|d OCLCE
|d CAI
|d IDEBK
|d OCLCQ
|d OCLCO
|d OCLCF
|d NLGGC
|d OCLCQ
|d TOA
|d OCLCQ
|d OCLCA
|d VNS
|d VTS
|
| 019 |
|
|
|a 276800502
|a 606930944
|a 609161487
|a 666986576
|a 700037333
|a 974509307
|a 974572452
|
| 020 |
|
|
|a 0585464669
|q (electronic bk.)
|
| 020 |
|
|
|a 9780585464664
|q (electronic bk.)
|
| 020 |
|
|
|z 190124265X
|
| 020 |
|
|
|z 9781901242652
|
| 029 |
1 |
|
|a AU@
|b 000051544209
|
| 029 |
1 |
|
|a DEBBG
|b BV043131392
|
| 029 |
1 |
|
|a DEBSZ
|b 422418722
|
| 029 |
1 |
|
|a GBVCP
|b 80111344X
|
| 035 |
|
|
|a (OCoLC)54416339
|z (OCoLC)276800502
|z (OCoLC)606930944
|z (OCoLC)609161487
|z (OCoLC)666986576
|z (OCoLC)700037333
|z (OCoLC)974509307
|z (OCoLC)974572452
|
| 042 |
|
|
|a dlr
|
| 050 |
|
4 |
|a RC454
|b L53 2001eb
|
| 060 |
|
4 |
|a 2002 D-206
|
| 060 |
|
4 |
|a WM 140
|b L712d 2001
|
| 072 |
|
7 |
|a MED
|x 105000
|2 bisacsh
|
| 072 |
|
7 |
|a PSY
|x 022000
|2 bisacsh
|
| 072 |
|
7 |
|a PSY
|x 007000
|2 bisacsh
|
| 072 |
|
7 |
|a PSY
|x 018000
|2 bisacsh
|
| 072 |
|
7 |
|a MED
|x 102000
|2 bisacsh
|
| 082 |
0 |
4 |
|a 616.89
|2 22
|
| 084 |
|
|
|a 44.91
|2 bcl
|
| 049 |
|
|
|a MAIN
|
| 100 |
1 |
|
|a Liddle, Peter F.,
|d 1946-
|
| 245 |
1 |
0 |
|a Disordered mind and brain :
|b the neural basis of mental symptoms /
|c Peter F. Liddle.
|
| 260 |
|
|
|a London :
|b Gaskell ;
|a [Washington, D.C.] :
|b Distributed in North America by American Psychiatric Press,
|c �2001.
|
| 300 |
|
|
|a 1 online resource (xvii, 301 pages, xxiii pages of plates)
|
| 336 |
|
|
|a text
|b txt
|2 rdacontent
|
| 337 |
|
|
|a computer
|b c
|2 rdamedia
|
| 338 |
|
|
|a online resource
|b cr
|2 rdacarrier
|
| 504 |
|
|
|a Includes bibliographical references (pages 254-285) and index.
|
| 588 |
0 |
|
|a Print version record.
|
| 506 |
|
|
|3 Use copy
|f Restrictions unspecified
|2 star
|5 MiAaHDL
|
| 533 |
|
|
|a Electronic reproduction.
|b [S.l.] :
|c HathiTrust Digital Library,
|d 2010.
|5 MiAaHDL
|
| 538 |
|
|
|a Master and use copy. Digital master created according to Benchmark for Faithful Digital Reproductions of Monographs and Serials, Version 1. Digital Library Federation, December 2002.
|u http://purl.oclc.org/DLF/benchrepro0212
|5 MiAaHDL
|
| 583 |
1 |
|
|a digitized
|c 2010
|h HathiTrust Digital Library
|l committed to preserve
|2 pda
|5 MiAaHDL
|
| 590 |
|
|
|a OCLC
|b WorldCat Holdings
|
| 590 |
|
|
|a eBooks on EBSCOhost
|b All EBSCO eBooks
|
| 650 |
|
0 |
|a Mental illness.
|
| 650 |
|
0 |
|a Psychology, Pathological.
|
| 650 |
|
7 |
|a MEDICAL
|x Psychiatry
|x General.
|2 bisacsh
|
| 650 |
|
7 |
|a PSYCHOLOGY
|x Psychopathology
|x General.
|2 bisacsh
|
| 650 |
|
7 |
|a PSYCHOLOGY
|x Clinical Psychology.
|2 bisacsh
|
| 650 |
|
7 |
|a PSYCHOLOGY
|x Mental Illness.
|2 bisacsh
|
| 650 |
|
7 |
|a MEDICAL
|x Mental Health.
|2 bisacsh
|
| 650 |
|
7 |
|a Mental illness.
|2 fast
|0 (OCoLC)fst01016547
|
| 650 |
|
7 |
|a Psychology, Pathological.
|2 fast
|0 (OCoLC)fst01081609
|
| 650 |
1 |
7 |
|a Psychische stoornissen.
|2 gtt
|
| 650 |
1 |
7 |
|a Symptomen.
|2 gtt
|
| 650 |
|
2 |
|a Mental Disorders.
|
| 650 |
|
2 |
|a Brain
|x physiopathology.
|
| 655 |
|
4 |
|a Electronic books.
|
| 710 |
2 |
|
|a Royal College of Psychiatrists.
|
| 776 |
0 |
8 |
|i Print version:
|a Liddle, Peter F., 1946-
|t Disordered mind and brain.
|d London : Gaskell ; [Washington, D.C.] : Distributed in North America by American Psychiatric Press, �2001
|z 190124265X
|w (OCoLC)47193296
|
| 856 |
4 |
0 |
|u http://search.ebscohost.com/login.aspx?direct=true&scope=site&db=nlebk&AN=87478
|
| 938 |
|
|
|a EBSCOhost
|b EBSC
|n 87478
|
| 938 |
|
|
|a ProQuest MyiLibrary Digital eBook Collection
|b IDEB
|n 75469
|
| 938 |
|
|
|a YBP Library Services
|b YANK
|n 2404288
|
| 994 |
|
|
|a 92
|b GRPAT
|
| 999 |
|
|
|c 138480
|d 138480
|